|
|
|
|
| LEADER |
00803cam a2200217 7i4500 |
| 001 |
0000006772 |
| 005 |
20170218090000.0 |
| 020 |
|
|
|a 9781861526519
|
| 020 |
|
|
|a 1861526512 (pbk.)
|
| 090 |
0 |
0 |
|a HD8720.5
|b .E47 2000
|
| 245 |
0 |
0 |
|a Employment relations in the Asia Pacific :
|b changing approaches
|c edited by Greg Bamber ... [et al.].
|
| 260 |
|
|
|a London:
|b Business Press,
|c 2000.
|
| 300 |
|
|
|a xxix, 258 p.:
|b ill.;
|c 22 cm.
|
| 504 |
|
|
|a Includes bibliographical references and index
|
| 650 |
0 |
0 |
|a Labor economics --
|z Asia
|
| 650 |
0 |
0 |
|a Labor economics --
|z Pacific area
|
| 650 |
0 |
0 |
|a Industrial relations --
|z Pacific Area
|
| 650 |
0 |
0 |
|a Industrial relations --
|z Asia
|
| 700 |
1 |
|
|a Bamber, Greg
|
| 997 |
|
|
|a Business & Accountancy, Faculty
|
| 999 |
|
|
|a 0000002515
|b BOK
|c OPEN SHELF
|e 1st Floor, Shah Alam
|